Logo biblioteca
Santa Fe 2917, Rosario, Santa Fe
Lu-Vi 8 a 19.45
+54-341-4232362
bibliotecaeudoro@gmail.com
Facebook Biblioteca Pedagógica
Sitio web

Tragedias / (Registro nro. 32688)

Detalles MARC
000 -CABECERA
campo fijo de control de longitud 00904nam a2200265 4500
001 - NÚMERO DE CONTROL
campo de control 32688
003 - IDENTIFICADOR DEL NÚMERO DE CONTROL
campo de control AR-RoBPED
005 - FECHA Y HORADE LA ULTIMA TRANSACCION
campo de control 20260505171413.0
008 - ELEMENTOS DE LONGITUD FIJA--INFORMACION GENERAL
campo fijo de control de longitud 260504e2008 ag |||er|||| 001 1 spa d
020 ## - ISBN
ISBN 9789875710627
040 ## - FUENTE CATALOGADORA
Centro catalogador/agencia de origen AR-RoBPED
041 ## - IDIOMA
Código de idioma para texto/pista de sonido o título independiente spa
100 1# - ENCABEZAMIENTO PRINCIPAL--AUTOR PERSONAL
Nombre de persona Sófocles, 496-406 a J.C.
9 (RLIN) 7815
245 1# - TITULO
Título Tragedias /
Mención de responsabilidad Sófocles ; estudio preliminar Isaac Zeiger ; traducción Iñaki Jarauta.
260 ## - PUBLICACION
Lugar Buenos Aires :
Editor Gradifco,
Fecha 2008.
300 ## - DESCRIPCION FISICA
Extensión 335 p.
490 0# - SERIE
Mención de serie (Robles Plus)
505 ## - NOTA DE CONTENIDO
Contenido Títulos: Antígona - Electra - Ayax - Las Traquinias - Edipo Rey - Edipo en colono - Filoctetes.
650 #4 - TERMINO DE MATERIA--CONTROLADO
Término controlado LITERATURA GRIEGA
9 (RLIN) 2140
Término controlado TEATRO
9 (RLIN) 241
700 ## - ENCABEZAMIENTO SECUNDARIO--AUTOR PERSONAL
Nombre de persona Zeiger, Isaac
9 (RLIN) 30846
Función estud. preliminar
Nombre de persona Jarauta, Iñaki
9 (RLIN) 30885
Función trad.
942 ## - ELEMENTOS KOHA
Fuente de clasificación Universal Decimal Classification
Número Koha k. 32688
Koha tipo de ítem Libro
Clasificación 875-2
Signatura librística S 65
N° inventario inv. 42422
945 ## - PROCESAMIENTO DE LA INFORMACIÓN LOCAL
Catalogador y fecha mm 04/05/2026 - cd 05/05/2026
Existencias
Estado retirado Estado perdido Fuente de clasificación Estado dañado No se presta Biblioteca propietaria Biblioteca de reserva Fecha de adquisición Procedencia Total de préstamos Signatura topográfica completa Código de barras (nº de inventario) Fecha visto por última vez Catalogador y fecha Tipo de ítem Koha Nota pública
    Universal Decimal Classification     Biblioteca Pedagógica Eudoro Díaz Biblioteca Pedagógica Eudoro Díaz 30/04/2026 Donación   875-2 S 65 42422 04/05/2026 mm 04/05/2026 Libro Se presta 15 dias.